000 01268nam a2200301 a 4500
001 000011958
003 DO-SdBNP
005 20220927122026.0
008 091102s2006 dr a 001 0 spa d
040 _aDO-SdBNP
_bspa
_cBNPHU
082 _a345.07
_bT255L
245 0 1 _aTécnicas de litigación oral en el proceso penal dominicano /
_cprincipales contribuyentes Rafael Blanco, Hugo Rojas, Mauricio Decap.
260 _aSanto Domingo :
_bENMP,
_c2006.
300 _a121 p. :
_bil. ;
_c28 cm.
505 0 _gIntroducción --
_tPreparación y teoría del caso --
_tPrincipales audiencias en la fase de instrucción --
_tAudiencia de juicio oral --
_gFootnotes
590 _aInventariado,2018/DG
650 4 _aAudiencias
_928236
650 4 _aDerecho procesal
_zRepública Dominicana
_913091
650 4 _aProcedimiento penal
_zRepública Dominicana
_914474
650 4 _aConducta en el caso (derecho)
_zRepública Dominicana
_928237
651 4 _aRepública Dominicana
_xProcesos, Litigios, Etc.
_928238
700 1 _aBlanco, Rafael
_928239
700 1 _aRojas, Hugo
_928240
700 1 _aDecap, Mauricio
_928241
710 1 _aRepública Dominicana.
_bEscuela Nacional del Ministerio Público
_928242
910 _aValidado. Control de calidad EMS
942 _2ddc
_cLBS1
999 _c11628
_d11628